000 00353 a2200169 4500
001 191978
020 _a85-281-0184-3
040 _cMagnum
100 _aMachado, Ana Maria
240 1 0 _aBanho sem chuva
_lpor
245 1 0 _aBanho sem chuva
300 _a
362 0 _a1988
440 1 _aSalamandra
697 _aLITERATURA INFANTO
942 _cBK
999 _c191978
_d191978